Xây dựng hệ thống bài tập và hướng dẫn giải bài tập chương "Dòng điện xoay chiều" vật lý 12 THPT, chương trình nâng cao dành cho học sinh lớp chọn

Cơ sở lí luận và thực tiễn của việc “Xây dựng hệ thống bài tập và hướng dẫn hoạt động giải bài tập chương “Dao động sóng điện từ” vật lý 12”. Xây dựng hệ thống bài tập và hướng dẫn hoạt động giải bài tập chương “Dao động và sóng điện từ” Vật lý 12 nhằm bồi dưỡng HSG...

Descripción completa

Guardado en:
Detalles Bibliográficos
Autor principal: Nguyễn Văn Nhiệm
Otros Autores: Nguyễn Huy Sinh GS.TS (Hướng dẫn)
Formato: Libro
Lenguaje:Vietnamese
Publicado: Hà nội Đại học Quốc gia Hà Nội - Trường ĐH Giáo dục 2013
Materias:
Etiquetas: Agregar Etiqueta
Sin Etiquetas, Sea el primero en etiquetar este registro!
Thư viện lưu trữ: Mạng thư viện Đại học Đà Nẵng
LEADER 02076nam a2200373 4500
001 000020361
003 16806
005 20150316150353.0
008 150316s2013 viesd
041 |a vie 
082 1 4 |a 537.6076  |b NG-N 
100 |a Nguyễn Văn Nhiệm 
245 1 |a Xây dựng hệ thống bài tập và hướng dẫn giải bài tập chương "Dòng điện xoay chiều" vật lý 12 THPT, chương trình nâng cao dành cho học sinh lớp chọn  |c Nguyễn Văn Nhiệm ; Nguyễn Huy Sinh hướng dẫn.  |k Luận văn Thạc sĩ 
260 |a Hà nội  |b Đại học Quốc gia Hà Nội - Trường ĐH Giáo dục  |c 2013 
300 |a 98 tr., phụ lục 8 tr.  |c 29 cm. 
500 |a Luận văn thạc sĩ Khoa học. Chuyên ngành: Lý luận và phương pháp dạy học ( bộ môn Vật Lý). Mã số: 60.14.10 
520 |a Cơ sở lí luận và thực tiễn của việc “Xây dựng hệ thống bài tập và hướng dẫn hoạt động giải bài tập chương “Dao động sóng điện từ” vật lý 12”. Xây dựng hệ thống bài tập và hướng dẫn hoạt động giải bài tập chương “Dao động và sóng điện từ” Vật lý 12 nhằm bồi dưỡng HSG 
650 0 4 |a Dòng điện xoay chiều  |v Luận văn tôt nghiệp  |x Hệ thống bài tập 
653 |a Vật lý 12 
653 |a Phương pháp dạy học 
653 |a Phướng pháp dạy học môn Lý 
653 |a Dòng điện xoay chiều 
653 |a Giáo dục THPT 
700 1 |a Nguyễn Huy Sinh  |c GS.TS  |e Hướng dẫn 
OWN |a LSP 
AVA |a UDN50  |b LSP  |d 537.6076 NG-N  |e available  |t Error 5001 Not defined in file expand_doc_bib_avail.  |f 1  |g 0  |h N  |i 0  |k 1 
999 |a From the UDN01 
AVA |a UDN50  |b LSP  |d 537.6076 NG-N  |e available  |t Error 5001 Not defined in file expand_doc_bib_avail.  |f 1  |g 0  |h N  |i 0  |k 1 
TYP |a Monograph 
TYP |a Printed language 
980 |a Mạng thư viện Đại học Đà Nẵng